ARRUPE JESUIT UNIVERSITY

CORONAVIRUS -STOP THE SPREAD - CLEAN,DISINFECT,COVER

The haves and have-nots / (Record no. 125182)

MARC details
000 -LEADER
fixed length control field 00951cam a22003013a 4500
001 - CONTROL NUMBER
control field 16383944
003 - CONTROL NUMBER IDENTIFIER
control field ARRUPE
005 - DATE AND TIME OF LATEST TRANSACTION
control field 20160916090504.0
008 - FIXED-LENGTH DATA ELEMENTS--GENERAL INFORMATION
fixed length control field 000131s1999 xxu 000 1 eng
010 ## - LIBRARY OF CONGRESS CONTROL NUMBER
LC control number 00514446
020 ## - INTERNATIONAL STANDARD BOOK NUMBER
International Standard Book Number 0451527445
035 ## - SYSTEM CONTROL NUMBER
System control number (DLC) 00514446
040 ## - CATALOGING SOURCE
Original cataloging agency DLC
Transcribing agency DLC
Modifying agency DLC
050 00 - LIBRARY OF CONGRESS CALL NUMBER
Classification number CPB Box no. 1633 vol. 18
245 04 - TITLE STATEMENT
Title The haves and have-nots /
Statement of responsibility, etc edited by Barbara H. Solomon.
260 ## - PUBLICATION, DISTRIBUTION, ETC. (IMPRINT)
Place of publication, distribution, etc New York, N.Y. :
Name of publisher, distributor, etc New American Library,
Date of publication, distribution, etc c1999.
300 ## - PHYSICAL DESCRIPTION
Extent 480 p.
500 ## - GENERAL NOTE
General note "A Signet book."
500 ## - GENERAL NOTE
General note "30 stories about money and class in America."
650 ## - SUBJECT ADDED ENTRY--TOPICAL TERM
Topical term or geographic name as entry element Equality
9 (RLIN) 13418
650 ## - SUBJECT ADDED ENTRY--TOPICAL TERM
Topical term or geographic name as entry element Poverty
9 (RLIN) 5312
650 ## - SUBJECT ADDED ENTRY--TOPICAL TERM
Topical term or geographic name as entry element Power (social sciences)
9 (RLIN) 11462
650 ## - SUBJECT ADDED ENTRY--TOPICAL TERM
Topical term or geographic name as entry element Social status
9 (RLIN) 25595
700 1# - ADDED ENTRY--PERSONAL NAME
Personal name Solomon, Barbara.
9 (RLIN) 25596
710 2# - ADDED ENTRY--CORPORATE NAME
Corporate name or jurisdiction name as entry element Copyright Paperback Collection (Library of Congress)
Institution to which field applies DLC
9 (RLIN) 20469
906 ## - LOCAL DATA ELEMENT F, LDF (RLIN)
a 7
b cbc
c orignew
d 2
e ncip
f 20
g y-genrareb
942 ## - ADDED ENTRY ELEMENTS (KOHA)
Source of classification or shelving scheme Library of Congress Classification
Koha item type Monograph ( Printed materials)
Holdings
Withdrawn status Lost status Source of classification or shelving scheme Damaged status Not for loan Collection code Home library Current library Shelving location Date acquired Total Checkouts Full call number Barcode Date last seen Price effective from Koha item type
    Library of Congress Classification     Main Collection ARRUPE LIBRARY ARRUPE LIBRARY Main Collection 07/09/2016   HM136.H383 46500010232 30/04/2018 07/09/2016 Monograph ( Printed materials)

 

Arrupe Library. PO Box MP320 Mt Pleasant, Harare, Zimbabwe
263 242 745411|librarian@aju.ac.zw